[Event "Mittelfr. EM 2019 - NT"]
[Site "Nürnberg"]
[Date "2019.04.20"]
[Round "7.5"]
[White "Walter, Manfred"]
[Black "Cordts, Elof"]
[Result "1/2-1/2"]
[WhiteElo "1784"]
[BlackElo "1684"]
[PlyCount "78"]
[EventDate "2019.??.??"]
[WhiteTeam "SV Lauf"]
[BlackTeam "SC Erlangen"]

1. d4 Nf6 2. Nc3 e6 3. Bf4 c5 4. e3 cxd4 5. exd4 d6 6. Nf3 Be7 7. Bd3 Bd7 8.
O-O O-O 9. Ne4 Bc6 10. Ned2 Nbd7 11. Re1 Re8 12. Ng5 g6 13. Nge4 Qc7 14. c4 Nh5
15. Be3 d5 16. Nc5 Nxc5 17. dxc5 e5 18. cxd5 Bxd5 19. b4 Rad8 20. Qc2 a6 21.
Rad1 Nf4 22. Bxf4 exf4 23. Bc4 Bxc4 24. Nxc4 Bf8 25. f3 Rxe1+ 26. Rxe1 Qd7 27.
Qe4 Qd4+ 28. Qxd4 Rxd4 29. Rc1 Kg7 30. Kf2 Kf6 31. a3 a5 32. Ke2 axb4 33. axb4
Ke6 34. g3 g5 35. Rc3 Kd5 36. Nb6+ Kc6 37. Rc4 Rxc4 38. Nxc4 fxg3 39. hxg3 h5
1/2-1/2

[Event "Mittelfr. EM 2019 - NT"]
[Site "Nürnberg"]
[Date "2019.04.20"]
[Round "7.6"]
[White "Riexinger, Martin"]
[Black "Weißmann, Peter"]
[Result "1-0"]
[WhiteElo "1800"]
[BlackElo "1756"]
[PlyCount "53"]
[EventDate "2019.??.??"]
[WhiteTeam "SW Nürnberg Süd"]
[BlackTeam "SGem Fürth"]

1. d4 Nf6 2. c4 e6 3. Nf3 b6 4. g3 Bb7 5. Bg2 Bb4+ 6. Bd2 Bxd2+ 7. Qxd2 c5 8.
dxc5 Ne4 9. Qc2 Nxc5 10. b4 Qf6 11. O-O Be4 12. Qc3 Nca6 13. Qxf6 gxf6 14. Nc3
Bb7 15. a3 Nc7 16. Rac1 Nba6 17. Nb5 Ke7 18. Rfd1 Rad8 19. Nxa7 d5 20. Nd4 Ra8
21. Nab5 Rhc8 22. cxd5 Nxd5 23. e4 Ndc7 24. Nd6 Rcb8 25. Nxb7 Rxb7 26. Nc6+ Kf8
27. Rd7 1-0

[Event "Mittelfr. EM 2019 - NT"]
[Site "Nürnberg"]
[Date "2019.04.20"]
[Round "7.7"]
[White "Floegel, Marco"]
[Black "Schlötterer, Hermann"]
[Result "0-1"]
[WhiteElo "1638"]
[BlackElo "1788"]
[PlyCount "84"]
[EventDate "2019.??.??"]
[WhiteTeam "SK Herzogenaurach"]
[BlackTeam "Zabo-Eintracht Nürnberg"]

1. e4 c5 2. d4 cxd4 3. c3 d3 4. Bxd3 Nc6 5. Nf3 d6 6. h3 g6 7. c4 Bg7 8. O-O
Nf6 9. Nc3 O-O 10. Be3 Nd7 11. Rc1 Nde5 12. Nxe5 Nxe5 13. Be2 Nc6 14. c5 Be6
15. cxd6 exd6 16. b3 Qa5 17. Qd2 Rfe8 18. Rfd1 Rac8 19. Nb5 Qxd2 20. Rxd2 Nb4
21. Rxc8 Rxc8 22. Nxd6 Rc1+ 23. Kh2 Bc3 24. Bg4 Bxg4 25. hxg4 Ra1 26. Re2 Be5+
27. f4 Bxd6 28. Rd2 Be7 29. Rd7 Kf8 30. f5 Ke8 31. Rxb7 Bd6+ 32. g3 Rxa2+ 33.
Kg1 a5 34. Bd4 Bxg3 35. f6 Nc6 36. Bc5 Be5 37. Kh1 Rh2+ 38. Kg1 Re2 39. Kf1
Rxe4 40. Rb6 Rf4+ 41. Ke1 Rxf6 42. Ra6 Kd7 0-1

[Event "Mittelfr. EM 2019 - NT"]
[Site "Nürnberg"]
[Date "2019.04.20"]
[Round "7.8"]
[White "Süß, Helmut"]
[Black "Walter, Gabriele"]
[Result "1/2-1/2"]
[WhiteElo "1851"]
[BlackElo "1576"]
[PlyCount "40"]
[EventDate "2019.??.??"]
[WhiteTeam "SC Noris-Tarrasch Nürnberg"]
[BlackTeam "SV Lauf"]

1. d4 d5 2. Nf3 Bf5 3. Bf4 Nf6 4. e3 e6 5. c3 Be7 6. Nbd2 O-O 7. Qb3 b6 8. Nh4
Bg6 9. Nxg6 hxg6 10. h3 c5 11. g4 c4 12. Qc2 Nbd7 13. Bg2 b5 14. b3 Nb6 15. O-O
a5 16. bxc4 Nxc4 17. Nxc4 bxc4 18. Qa4 Bd6 19. Bxd6 Qxd6 20. Rab1 Nd7 1/2-1/2

[Event "Mittelfr. EM 2019 - NT"]
[Site "Nürnberg"]
[Date "2019.04.20"]
[Round "7.9"]
[White "Schaller, Michael"]
[Black "Ott, Hans"]
[Result "0-1"]
[WhiteElo "1328"]
[BlackElo "1475"]
[PlyCount "110"]
[EventDate "2019.??.??"]
[WhiteTeam "SW Nürnberg Süd"]
[BlackTeam "Zabo-Eintracht Nürnberg"]

1. e4 c5 2. Bc4 Nc6 3. Nf3 g6 4. O-O Bg7 5. c3 Nf6 6. Re1 Nxe4 7. Rxe4 d5 8.
Bxd5 Qxd5 9. Re1 O-O 10. d3 Rd8 11. Be3 b6 12. d4 e5 13. Bg5 f6 14. Bd2 cxd4
15. Qb3 Qxb3 16. axb3 d3 17. Na3 f5 18. h3 e4 19. Nh2 Na5 20. f3 Bb7 21. fxe4
fxe4 22. Nb5 Nxb3 23. Rad1 Nxd2 24. Rxd2 Bh6 25. Rdd1 e3 26. Nc7 Rac8 27. Ne6
Rd6 28. Ng4 Rxe6 29. Nxh6+ Kg7 30. Ng4 d2 31. Re2 Ba6 32. Rxe3 Rxe3 33. Nxe3
Rd8 34. Ra1 Be2 35. Nd1 Rf8 36. Ne3 a5 37. Kh2 Re8 38. Nd1 Bf1 39. Kg1 Re1 40.
b4 axb4 41. cxb4 Be2+ 42. Kf2 Bxd1 43. Ra7+ Kh6 44. Rd7 Re2+ 45. Kf1 Ba4 46.
Kxe2 Bxd7 47. Kxd2 Kg5 48. Ke3 Kh4 49. Kf4 g5+ 50. Kf3 Bc6+ 51. Kf2 b5 52. g3+
Kxh3 53. g4 Kxg4 54. Kg1 Kg3 55. Kf1 h5 0-1

[Event "Mittelfr. EM 2019 - NT"]
[Site "Nürnberg"]
[Date "2019.04.20"]
[Round "7.10"]
[White "Deschler, Arne"]
[Black "Meyer, Robert"]
[Result "1/2-1/2"]
[WhiteElo "1710"]
[BlackElo "1738"]
[PlyCount "81"]
[EventDate "2019.??.??"]
[WhiteTeam "SC Noris-Tarrasch Nürnberg"]
[BlackTeam "SC Stein"]

1. e4 e6 2. d4 d5 3. exd5 exd5 4. Bd3 Bd6 5. Qf3 Nf6 6. h3 Be6 7. Bf4 c6 8.
Bxd6 Qxd6 9. c3 Nbd7 10. Ne2 O-O-O 11. Nd2 Nb6 12. O-O-O Nc4 13. Rhe1 Nxd2 14.
Rxd2 Ne4 15. Rc2 f5 16. Kb1 g6 17. Qf4 Rhe8 18. Qxd6 Nxd6 19. Nf4 Bf7 20. Rce2
Rxe2 21. Rxe2 Re8 22. Rxe8+ Nxe8 23. Kc2 Nf6 24. f3 Kc7 25. g4 fxg4 26. fxg4 g5
27. Ng2 h5 28. Ne3 hxg4 29. Nxg4 Nxg4 30. hxg4 Be6 31. Be2 Kd6 32. Kb3 c5 33.
a3 Kc6 34. Ka4 Kb6 35. Kb3 cxd4 36. cxd4 Bd7 37. Bf3 Bc6 38. Kc3 a6 39. b4 Kc7
40. Kb3 Kd6 41. Be2 1/2-1/2

[Event "Mittelfr. EM 2019 - NT"]
[Site "Nürnberg"]
[Date "2019.04.20"]
[Round "7.11"]
[White "Keller, Jan-Christopher"]
[Black "Majid, Hakim"]
[Result "1-0"]
[WhiteElo "1399"]
[BlackElo "1588"]
[PlyCount "91"]
[EventDate "2019.??.??"]
[WhiteTeam "SV Neustadt/Aisch"]
[BlackTeam "SW Nürnberg Süd"]

1. c3 e6 2. d4 c6 3. Nf3 Bd6 4. e4 Bc7 5. Be3 d6 6. Nbd2 Nd7 7. Bd3 Ne7 8. Bf4
e5 9. Bg5 f6 10. Bh4 Ng6 11. Bg3 O-O 12. h4 Nf4 13. Bxf4 exf4 14. h5 Qe7 15.
Rh4 d5 16. Qc2 f5 17. e5 Nb6 18. Rxf4 Bd7 19. O-O-O h6 20. g3 Be6 21. Nh4 Qg5
22. Bxf5 Bxf5 23. Rxf5 Rxf5 24. Qxf5 Qxf5 25. Nxf5 Rf8 26. Ne7+ Kh7 27. Rf1 Rf7
28. Ng6 Rf5 29. g4 Rf7 30. f4 Nc8 31. f5 Bd8 32. e6 Rc7 33. Nf3 b6 34. Nfe5 c5
35. dxc5 bxc5 36. Kb1 d4 37. c4 Bf6 38. Rd1 a5 39. a4 Rb7 40. Ka2 Nd6 41. b3
Ne4 42. Re1 Nd6 43. Nd7 d3 44. Rd1 Ne4 45. Nxf6+ gxf6 46. Rxd3 1-0

[Event "Mittelfr. EM 2019 - NT"]
[Site "Nürnberg"]
[Date "2019.04.20"]
[Round "7.12"]
[White "Gajewski, Richard"]
[Black "Hummady, Pascha"]
[Result "1-0"]
[WhiteElo "1681"]
[BlackElo "1388"]
[PlyCount "51"]
[EventDate "2019.??.??"]
[WhiteTeam "Wolframs-Eschenbach"]
[BlackTeam "SC Noris-Tarrasch Nürnberg"]

1. e4 e5 2. f4 exf4 3. Nf3 Nc6 4. d4 d6 5. Bxf4 Nf6 6. Nbd2 Bg4 7. Bd3 Nxd4 8.
O-O c6 9. c3 Nxf3+ 10. Nxf3 Qb6+ 11. Kh1 O-O-O 12. Qd2 d5 13. e5 Ne4 14. Qc2 h5
15. Bxe4 dxe4 16. Ng5 Rd7 17. Nxe4 Bf5 18. b4 c5 19. Nd6+ Bxd6 20. Qxf5 Bc7 21.
Rad1 Rhd8 22. Bg5 g6 23. Qh3 Qc6 24. Bxd8 Bxd8 25. Rxf7 Be7 26. Rxe7 1-0

[Event "Mittelfr. EM 2019 - NT"]
[Site "Nürnberg"]
[Date "2019.04.20"]
[Round "7.13"]
[White "Weigel, Rainer"]
[Black "Schanz, Karlheinz"]
[Result "0-1"]
[WhiteElo "1425"]
[BlackElo "1877"]
[PlyCount "118"]
[EventDate "2019.??.??"]
[WhiteTeam "SG Büchenbach/Roth"]
[BlackTeam "SC Mühlhof-Reichelsdorf"]

1. d4 d5 2. c4 c6 3. cxd5 cxd5 4. Nc3 Nc6 5. Nf3 Bf5 6. Qb3 e6 7. Qxb7 Qc8 8.
Qxc8+ Rxc8 9. a3 Bd6 10. Nb5 Bb8 11. Bd2 Nge7 12. e3 O-O 13. Be2 f6 14. O-O
Rfd8 15. Rac1 e5 16. dxe5 fxe5 17. Rfd1 h6 18. Nh4 Be6 19. Nc3 e4 20. Be1 g5
21. f3 gxh4 22. fxe4 d4 23. exd4 Nxd4 24. Bxh4 Nxe2+ 25. Nxe2 Rxd1+ 26. Rxd1
Ng6 27. Bg3 Bg4 28. Bxb8 Rxb8 29. Rd2 Bxe2 30. Rxe2 Ne5 31. b4 Nc4 32. Ra2 Re8
33. a4 Rxe4 34. b5 Kf7 35. Kf2 Rd4 36. Kf3 Ke6 37. Re2+ Ne5+ 38. Kg3 Rxa4 39.
Rb2 Nc4 40. Re2+ Kf6 41. Re4 Nb2 42. Rxa4 Nxa4 43. Kf4 Nc3 44. g4 Nxb5 45. h4
a5 46. g5+ hxg5+ 47. hxg5+ Kg6 48. Ke4 a4 49. Kd3 a3 50. Kc2 Kxg5 51. Kb1 Kf4
52. Ka2 Ke4 53. Ka1 Kd3 54. Ka2 Kc3 55. Ka1 Kb3 56. Kb1 Nd4 57. Ka1 Nc2+ 58.
Kb1 a2+ 59. Kc1 a1=Q+ 0-1